000 01200nam a22002897a 4500
005 20240530110959.0
008 150531s2010 ua adk g 000 0 ara d
017 _bمصر. دار الكتب
020 _a9789773373494
040 _aEG-CaGPL
_cEG-CaGPL
082 0 4 _221
_a658.312404 \
_bخ م
245 0 0 _aموسوعة الادارة للجميع :
_bهل تسمعنى جيدا افضل ما كتب فى الادارة عالميا /
_cاعداد خبراء بميك
_nجزء 3
260 _aالقاهرة :
_bمركز الخبرات المهنية للادارة (ببميك) ،
_c2010 .
300 _a116 ص ؛
_c24 سم
490 _aسلسلة اصدارات بميك
_v98
650 0 4 _aادارة الاعمال
_2qrmak
650 0 4 _aادارة الاعمال
_xسلوك
_2qrmak
650 0 4 _aادارة الافراد
_2qrmak
650 0 4 _aادارة الاعمال
_xاخلاقيات
_2qrmak
650 0 4 _aالادارة العامة
_2qrmak
650 0 4 _aالتنمية الادارية
_2qrmak
650 0 4 _aالحياة
_xتنظيم و ادارة
_2qrmak
651 _2qrmak
710 0 _aبميك
_eمعد
942 _2ddc
_cBK
999 _c67154
_d67154